| 000 | 00939cam a22002771a 4500 | ||
|---|---|---|---|
| 999 |
_c329842 _d329842 |
||
| 001 | 9828142 | ||
| 003 | NUST | ||
| 005 | 20170523145151.0 | ||
| 008 | 821217s1876 enkbf a 000 0 eng | ||
| 010 | _a 59058763 | ||
| 020 | _a9693517458 | ||
| 040 |
_aDLC _cDLC _dDLC |
||
| 050 | 1 | 0 |
_aDS485.S6 _bH8 1876 |
| 050 | 0 | 0 | _aMicrofilm 9569 DS |
| 082 | _a954.918 HUG | ||
| 100 | 1 |
_aHughes, A. W. _q(Albert William) _91369 |
|
| 245 | 1 | 2 | _aA gazetteer of the Province of Sind. |
| 250 | _a2d ed. | ||
| 260 |
_aLondon : _bG. Bell, _c1876. |
||
| 300 |
_aix, 946 p., plates, maps (part fold.) ; _c22 cm. |
||
| 500 |
_aL.C. copy imperfect: p. 147-148, 461-464 wanting; various pages mutilated. _5DLC |
||
| 583 |
_aReplace; _zLC copy replaced by preservation microfilm _5DLC |
||
| 651 | 0 |
_aSindh (Pakistan) _vGazetteers. _91370 |
|
| 906 |
_a7 _bcbc _cpremver _d1 _encip _f19 _gy-gencatlg |
||
| 942 |
_2ddc _cBK |
||